| 000 | 00875nam a2200229 a 4500 | ||
|---|---|---|---|
| 001 | 000041668 | ||
| 005 | 20201002035709.0 | ||
| 008 | 131016s2003 sp a 001 0 spa d | ||
| 020 | _a8400081471 | ||
| 040 |
_aDO-SdBNP _bspa _cBNPHU |
||
| 245 | 0 | 0 |
_aEl fago [Fi]29 y los orígenes de la biología molecular en España / _cJesús Avila, Manuel Perucho, Carlos López-Otín, editores. |
| 260 |
_aMadrid : _bCSIC, _c2003. |
||
| 300 |
_a435 p. ; : _bil. ; _c25 cm. |
||
| 490 | 1 |
_aBiblioteca de ciencias _v10 |
|
| 504 | _aBibliografía | ||
| 504 | _aIncluye referencias bibliográficas y notas al pie de las páginas | ||
| 700 | 1 |
_aPerucho, Manuel _eed. _968461 |
|
| 700 | 1 |
_aLópez-Otín, Carlos _eed. _968462 |
|
| 700 | 1 |
_aAvila, Jesús _eed. _968463 |
|
| 710 | 2 |
_aConsejo Superior de Investigaciones Científicas (España) _915178 |
|
| 830 | 0 |
_aBiblioteca de ciencias _c10 _938842 |
|
| 999 |
_c41158 _d41158 |
||